<?xml version="1.0" encoding="UTF-8"?>
<record
    xmlns:xsi="http://www.w3.org/2001/XMLSchema-instance"
    xsi:schemaLocation="http://www.loc.gov/MARC21/slim http://www.loc.gov/standards/marcxml/schema/MARC21slim.xsd"
    xmlns="http://www.loc.gov/MARC21/slim">

  <leader>00391nam a2200145Ia 4500</leader>
  <controlfield tag="008">230411s9999    xx            000 0 und d</controlfield>
  <datafield tag="020" ind1=" " ind2=" ">
    <subfield code="a">81-7042-124-1</subfield>
  </datafield>
  <datafield tag="041" ind1=" " ind2=" ">
    <subfield code="a">eng</subfield>
  </datafield>
  <datafield tag="082" ind1=" " ind2=" ">
    <subfield code="a">OG/618.2/HOL/BRE/B00139</subfield>
  </datafield>
  <datafield tag="100" ind1=" " ind2=" ">
    <subfield code="a">Holland &amp; Brews</subfield>
    <subfield code="9">176406</subfield>
  </datafield>
  <datafield tag="245" ind1=" " ind2=" ">
    <subfield code="a">Manual of Obstetrics</subfield>
  </datafield>
  <datafield tag="260" ind1=" " ind2=" ">
    <subfield code="b">B I Churchill Living Stone</subfield>
    <subfield code="a">New Delhi</subfield>
    <subfield code="c">1998</subfield>
  </datafield>
  <datafield tag="300" ind1=" " ind2=" ">
    <subfield code="a">382p</subfield>
  </datafield>
  <datafield tag="999" ind1=" " ind2=" ">
    <subfield code="c">151658</subfield>
    <subfield code="d">151658</subfield>
  </datafield>
  <datafield tag="952" ind1=" " ind2=" ">
    <subfield code="0">0</subfield>
    <subfield code="1">0</subfield>
    <subfield code="4">0</subfield>
    <subfield code="7">0</subfield>
    <subfield code="8">OG</subfield>
    <subfield code="a">BTIN</subfield>
    <subfield code="b">BTIN</subfield>
    <subfield code="d">2000-07-21</subfield>
    <subfield code="e">S.K.Kothari,Pune.</subfield>
    <subfield code="g">210.00</subfield>
    <subfield code="i">5661</subfield>
    <subfield code="l">0</subfield>
    <subfield code="o">OG 618.2 HOL BRE B00139</subfield>
    <subfield code="p">BTIN-BK-139</subfield>
    <subfield code="r">2023-04-11 00:00:00</subfield>
    <subfield code="v">210.00</subfield>
    <subfield code="w">2002-06-03</subfield>
    <subfield code="y">BK</subfield>
    <subfield code="z">B00139</subfield>
  </datafield>
  <datafield tag="952" ind1=" " ind2=" ">
    <subfield code="0">0</subfield>
    <subfield code="1">0</subfield>
    <subfield code="4">0</subfield>
    <subfield code="7">0</subfield>
    <subfield code="8">OG</subfield>
    <subfield code="a">BTIN</subfield>
    <subfield code="b">BTIN</subfield>
    <subfield code="d">2002-06-03</subfield>
    <subfield code="e">A.D.Kansara Pune.</subfield>
    <subfield code="g">260.00</subfield>
    <subfield code="i">5661</subfield>
    <subfield code="l">0</subfield>
    <subfield code="o">OG 618.2 HOL BRE B00650</subfield>
    <subfield code="p">BTIN-BK-650</subfield>
    <subfield code="r">2023-04-11 00:00:00</subfield>
    <subfield code="v">260.00</subfield>
    <subfield code="w">2002-06-03</subfield>
    <subfield code="y">BK</subfield>
    <subfield code="z">B00650</subfield>
  </datafield>
</record>
